[Event "American Continental-ch 2018"]
[Site "Montevideo"]
[Date "2018.06.03"]
[Round "3"]
[White "Varacalli, Francisco"]
[Black "Tristan, Leonardo"]
[Result "1/2-1/2"]
[WhiteElo "2312"]
[BlackElo "2459"]
[Annotator "TA"]
[PlyCount "67"]
[EventDate "2018.??.??"]
[EventType "swiss"]
[EventCountry "URU"]
[SourceTitle "playchess.com"]
[Source "ChessBase"]
[SourceQuality "1"]

{[%evp 20,67,29,35,28,33,34,32,49,22,45,46,62,11,42,37,68,-20,34,34,41,38,70,58,111,52,56,26,0,0,16,20,109,0,77,67,70,61,101,8,54,11,16,16,41,0,8,0,32,0]} 1. e4 {[%cal Be2e4,Be4e5][%mdl 32]} Nf6 {[%cal Bg8f6,Bf6d5,Bd5b6][%mdl 32]} 2. e5 Nd5 3. c4 Nb6 4. d4 d6 5. exd6 exd6 6. Nc3 Be7 7. Bd3 O-O 8. Nge2 Nc6 9. O-O Bf6 {B03: Aljechin-Verteidigung (Vierbauernvariante)} 10. b3 Bg4 (10... Re8 11. Be3 Bg4 12. Qd2 Bxe2 13. Nxe2 d5 14. c5 Nd7 15. b4 a6 16. Rae1 Nf8 17. Bb1 {1-0 (37) Gelashvili,T (2563)-Berkes,F (2654) Minsk 2017}) 11. Be3 {LiveBook: 19 Partien} d5 12. c5 Nc8 13. f3 Be6 14. Qd2 g6 $146 ({Vorgänger:} 14... N8e7 15. g4 g6 16. Rad1 Qd7 {1-0 (36) Klip,H (2390)-Castelfranchi,C (2088) Bratto 2008}) 15. g4 Bg7 16. Bc2 ({Besser ist} 16. Rae1 $14) 16... N8e7 17. Rae1 Qd7 18. Bf2 (18. Nf4 $14) 18... b6 (18... f5 $1 $11) 19. cxb6 $14 axb6 20. Nf4 Nb4 21. Bb1 $1 Rac8 (21... Nec6 $14) 22. a3 (22. Kg2 $16) 22... Nbc6 23. Ba2 Ra8 24. a4 Nb4 25. Bb1 Rac8 (25... Nec6 $11 {bleibt in der Remisbreite.}) 26. Qe2 (26. h4 $16) 26... c5 (26... Rfe8 $11) 27. Nb5 $16 {Schwarz muss nun dxc5 beachten.} Rc6 28. Qd2 Na6 29. Ba2 (29. Nd3 $16) 29... Rfc8 30. Rc1 Nb4 31. Bb1 Na6 32. Ba2 Nb4 33. Bb1 Na6 34. Ba2 {Precision: Weiß = 36%, Schwarz = 31%.} 1/2-1/2

[Event "American Continental-ch 2018"]
[Site "Montevideo"]
[Date "2018.06.03"]
[Round "3"]
[White "Foisor, Sabina-Francesca"]
[Black "Tregarthen, Emiliano"]
[Result "1-0"]
[WhiteElo "2301"]
[BlackElo "2083"]
[Annotator "NA"]
[PlyCount "95"]
[EventDate "2018.??.??"]
[EventType "swiss"]
[EventCountry "URU"]
[SourceTitle "playchess.com"]
[Source "ChessBase"]
[SourceQuality "1"]
[TimeControl "40/5400+30:1800+30"]

1. d4 {[%emt 0:02:46]} Nf6 {[%emt 0:00:06]} 2. c4 {[%emt 0:00:12]} e6 {[%emt 0:00:08]} 3. Nf3 {[%emt 0:00:05]} Bb4+ {[%emt 0:00:33]} 4. Bd2 {[%emt 0:00:21]} Bxd2+ {[%emt 0:01:55]} 5. Qxd2 {[%emt 0:00:59]} d6 {[%emt 0:00:38]} 6. Nc3 {[%emt 0:05:32]} O-O {[%emt 0:02:05]} 7. g3 {[%emt 0:01:29]} Nbd7 {[%emt 0:01:02]} 8. Bg2 {[%emt 0:00:44]} Re8 {[%emt 0:05:02]} 9. O-O {[%emt 0:03:45]} c6 {[%emt 0:09:53]} 10. Rad1 {[%emt 0:08:53]} Qe7 {[%emt 0:04:47]} 11. b4 {[%emt 0:03:45]} d5 {[%emt 0:05:16]} 12. c5 {[%emt 0:05:42]} e5 {[%emt 0:08:22]} 13. Nh4 {[%emt 0:05:31]} Nf8 {[%emt 0:03:07]} 14. dxe5 {[%emt 0:03:31]} Qxe5 {[%emt 0:00:03]} 15. Nf3 {[%emt 0:00:07]} Qh5 {[%emt 0:03:12]} 16. Rfe1 {[%emt 0:04:53]} Bh3 {[%emt 0:02:47]} 17. Bh1 {[%emt 0:00:44]} Ng6 {[%emt 0:07:54]} 18. Qg5 {[%emt 0:03:21]} Qxg5 {[%emt 0:01:14]} 19. Nxg5 {[%emt 0:00:01]} Bf5 {[%emt 0:03:00]} 20. e4 {[%emt 0:04:10]} dxe4 {[%emt 0:01:44]} 21. Ngxe4 {[%emt 0:00:21]} Nxe4 {[%emt 0:00:41]} 22. Bxe4 {[%emt 0:00:14]} Bxe4 {[%emt 0:00:29]} 23. Nxe4 {[%emt 0:06:35]} a5 {[%emt 0:10:27]} 24. a3 {[%emt 0:03:37]} Ne5 {[%emt 0:00:46]} 25. Kg2 {[%emt 0:03:41]} Nc4 {[%emt 0:01:09]} 26. bxa5 {[%emt 0:02:04]} h6 {[%emt 0:10:29]} 27. h4 {[%emt 0:06:59]} Nxa5 {[%emt 0:03:05]} 28. Nd6 {[%emt 0:00:50]} Rxe1 {[%emt 0:00:06]} 29. Rxe1 {[%emt 0:00:02]} Nb3 {[%emt 0:01:55]} 30. Nxb7 {[%emt 0:00:08]} Rxa3 {[%emt 0:01:50]} 31. Re3 {[%emt 0:02:56]} g6 {[%emt 0:02:46]} 32. h5 {[%emt 0:01:49]} Kg7 {[%emt 0:02:47]} 33. Nd6 {[%emt 0:00:43]} gxh5 {[%emt 0:01:32]} 34. Rf3 {[%emt 0:02:18]} Ra5 {[%emt 0:03:42]} 35. Rxb3 {[%emt 0:00:24]} Rxc5 {[%emt 0:00:07]} 36. Rb7 {[%emt 0:00:39]} h4 {[%emt 0:00:44]} 37. gxh4 {[%emt 0:03:04]} Rd5 {[%emt 0:00:34]} 38. Nxf7 {[%emt 0:01:54]} Kg6 {[%emt 0:00:57]} 39. Kg3 {[%emt 0:03:55]} Rd3+ {[%emt 0:01:15]} 40. f3 {[%emt 0:00:14]} Rd5 {[%emt 0:30:30]} 41. Rd7 {[%emt 0:30:48]} Rf5 {[%emt 0:01:03]} 42. Nd6 {[%emt 0:01:07]} Rd5 {[%emt 0:00:00]} 43. Nc4 Rxd7 {[%emt 0:00:00]} 44. Ne5+ {[%emt 0:00:00]} Kf5 {[%emt 0:00:00]} 45. Nxd7 {[%emt 0:00:00]} Ke6 {[%emt 0:00:00]} 46. Nb6 {[%emt 0:00:00]} Kf5 {[%emt 0:00:00]} 47. Nc4 {[%emt 0:00:00]} c5 {[%emt 0:00:00]} 48. f4 1-0

[Event "American Continental-ch 2018"]
[Site "Montevideo"]
[Date "2018.06.03"]
[Round "3"]
[White "Muniz, Rafael"]
[Black "Medrano, Mario"]
[Result "1-0"]
[WhiteElo "2290"]
[BlackElo "2073"]
[Annotator "NA"]
[PlyCount "97"]
[EventDate "2018.??.??"]
[EventType "swiss"]
[EventCountry "URU"]
[SourceTitle "playchess.com"]
[Source "ChessBase"]
[SourceQuality "1"]
[TimeControl "40/5400+30:1800+30"]

1. e4 e6 2. Nf3 {[%emt 0:00:00]} c5 {[%emt 0:03:33]} 3. d4 cxd4 {[%emt 0:00:12]} 4. Nxd4 {[%emt 0:00:01]} Nf6 {[%emt 0:00:11]} 5. Nc3 {[%emt 0:00:18]} d6 {[%emt 0:05:33]} 6. g3 {[%emt 0:00:55]} Be7 {[%emt 0:00:43]} 7. Bg2 {[%emt 0:00:17]} a6 {[%emt 0:01:01]} 8. O-O {[%emt 0:00:54]} Qc7 {[%emt 0:00:16]} 9. Re1 {[%emt 0:03:04]} O-O {[%emt 0:02:02]} 10. g4 {[%emt 0:05:03]} Nc6 {[%emt 0:05:29]} 11. Nxc6 {[%emt 0:02:38]} bxc6 {[%emt 0:00:20]} 12. g5 {[%emt 0:00:30]} Nd7 {[%emt 0:00:30]} 13. f4 {[%emt 0:02:58]} d5 {[%emt 0:00:07]} 14. Kh1 {[%emt 0:03:42]} Re8 {[%emt 0:06:21]} 15. f5 {[%emt 0:05:45]} Bb7 {[%emt 0:02:25]} 16. Rf1 {[%emt 0:04:13]} exf5 {[%emt 0:00:30]} 17. exd5 {[%emt 0:00:30]} Bd6 {[%emt 0:20:25]} 18. Rxf5 {[%emt 0:11:24]} Nb6 {[%emt 0:00:54]} 19. Ne4 cxd5 {[%emt 0:26:56]} 20. Nxd6 {[%emt 0:10:11]} Qxd6 {[%emt 0:00:07]} 21. Rf1 {[%emt 0:00:55]} Qd7 {[%emt 0:04:41]} 22. Qd4 {[%emt 0:02:44]} Qc6 {[%emt 0:06:46]} 23. b3 {[%emt 0:01:51]} Re2 {[%emt 0:01:05]} 24. Bb2 {[%emt 0:02:39]} Qg6 {[%emt 0:00:04]} 25. Rf2 {[%emt 0:03:04]} Rae8 {[%emt 0:02:01]} 26. Raf1 {[%emt 0:01:50]} Rxf2 {[%emt 0:01:02]} 27. Qxf2 {[%emt 0:00:57]} Re7 {[%emt 0:02:28]} 28. Bd4 {[%emt 0:08:18]} Nc8 {[%emt 0:00:20]} 29. c3 {[%emt 0:06:32]} Nd6 {[%emt 0:00:38]} 30. Qg3 {[%emt 0:03:45]} Re8 {[%emt 0:01:21]} 31. Bh3 {[%emt 0:03:20]} Qe4+ {[%emt 0:00:32]} 32. Kg1 {[%emt 0:01:19]} Nb5 {[%emt 0:00:12]} 33. Qf2 {[%emt 0:03:31]} Qg6 {[%emt 0:01:02]} 34. Qf5 {[%emt 0:04:24]} Nxd4 {[%emt 0:04:13]} 35. cxd4 {[%emt 0:00:12]} Re4 {[%emt 0:01:47]} 36. Rc1 {[%emt 0:03:33]} Qxf5 {[%emt 0:00:50]} 37. Bxf5 {[%emt 0:00:10]} Rxd4 {[%emt 0:00:02]} 38. Rc7 {[%emt 0:01:24]} Rb4 {[%emt 0:00:07]} 39. Bc8 {[%emt 0:01:23]} Ba8 {[%emt 0:00:49]} 40. Bxa6 {[%emt 0:02:27]} Rb8 {[%emt 0:30:06]} 41. Rc8+ {[%emt 0:31:48]} Rxc8 {[%emt 0:00:10]} 42. Bxc8 {[%emt 0:00:07]} Kf8 {[%emt 0:00:22]} 43. Kf2 {[%emt 0:00:18]} Ke7 {[%emt 0:02:19]} 44. Ke3 {[%emt 0:00:20]} Kd6 {[%emt 0:00:00]} 45. Kd4 {[%emt 0:00:00]} h6 {[%emt 0:00:00]} 46. gxh6 {[%emt 0:00:00]} gxh6 {[%emt 0:00:00]} 47. a4 {[%emt 0:00:00]} Kc7 {[%emt 0:00:00]} 48. Bg4 {[%emt 0:00:00]} Kb6 {[%emt 0:00:00]} 49. Bf3 1-0

[Event "American Continental-ch 2018"]
[Site "Montevideo"]
[Date "2018.06.03"]
[Round "3"]
[White "Pacheco, Daniel"]
[Black "Hungaski, Robert"]
[Result "1/2-1/2"]
[WhiteElo "2256"]
[BlackElo "2510"]
[Annotator "TA"]
[PlyCount "120"]
[EventDate "2018.??.??"]
[EventType "swiss"]
[EventCountry "URU"]
[SourceTitle "playchess.com"]
[Source "ChessBase"]
[SourceQuality "1"]

{[%evp 16,120,0,-27,-16,-25,-24,-42,0,-21,-19,-14,0,-23,-21,-23,-28,-46,22,6,0,-72,-72,-72,-72,-72,-72,-72,-72,-72,-72,-98,-70,-97,-60,-87,-81,-105,-87,-113,-113,-138,-66,-72,-75,-97,-97,-103,-92,-91,-91,-149,-163,-158,-166,-143,-99,-103,-103,-122,-7,-3,0,0,0,0,0,0,0,0,0,0,0,0,0,0,0,0,0,0,0,0,0,0,0,0,0,0,0,0,0,0,0,0,0,0,0,0,0,0,0,0,0,0,0,0,0]} 1. Nf3 d5 2. g3 Nf6 3. Bg2 e6 4. O-O Be7 5. b3 c5 6. Bb2 Nc6 7. d3 O-O 8. Nbd2 b6 {[%cal Bb7b6,Bb6b5][%mdl 32] A06: Réti Opening:1 Nf3 d5} (8... Qc7 9. Re1 e5 10. e4 d4 11. Nh4 g6 12. Bc1 Bg4 13. Nhf3 b5 14. h3 Bd7 15. Nh2 Qc8 16. h4 h5 {1-0 (69) Gabuzyan,H (2614)-Kotanjian,T (2485) Yerevan 2016}) 9. e4 {LiveBook: 8 Games} d4 10. a4 $146 ({Predecessor:} 10. Nc4 Qc7 11. a4 e5 12. Nh4 Re8 13. Bc1 a6 14. f4 Rb8 15. fxe5 Ng4 16. Nf5 Ngxe5 17. Nxe7+ Qxe7 18. Nxe5 Nxe5 {½-½ (66) Gerhardt,P (2119)-Leiber,B (2221) Halle 2004}) 10... a6 {Black has an edge.} 11. Nc4 Bb7 12. Bc1 b5 13. Nce5 Nb4 14. Ng5 Nd7 15. Nxd7 Qxd7 16. f4 {[#]} f5 (16... c4 $1 $15 {[%mdl 512]}) 17. Nf3 Bf6 $36 {[%mdl 2048] Black has the initiative.} 18. e5 (18. Nd2 $11) 18... Be7 $17 19. Bd2 Nd5 20. Qe2 Bc6 {[%cal Rb5a4]} 21. axb5 axb5 22. Qf2 b4 23. h3 Qb7 24. Kh2 g6 25. Bh1 Ra3 26. Qg1 Rfa8 27. Rac1 Ra2 28. g4 {[#]} Rf8 (28... Rb2 $1 $17 29. Qf2 Raa2 30. gxf5 exf5) 29. gxf5 Rxf5 30. Ne1 Nc7 31. Nf3 Ne8 32. Qg4 Ng7 33. Nh4 (33. Bg2 $142) 33... Bxh1 34. Rxh1 Bxh4 35. Qxh4 Rh5 36. Qd8+ Kf7 37. Rhf1 Ra8 ({Black should try} 37... Qd5 $17 38. Qc7+ Kf8) 38. Qd6 $1 $11 {The position is equal.} Rc8 39. Ra1 $1 Nf5 40. Qa6 Qd7 41. Qb6 Rc7 42. Ra8 Qe7 43. Rf3 Nh4 44. Rg3 {Intending Qb8 and mate.} Rb7 45. Qa5 Nf5 46. Rg5 Rxg5 47. fxg5 Ne3 48. Bxe3 $1 dxe3 {[%mdl 4096] Endgame KQR-KQR} 49. Rh8 {White wants to mate with Qa8.} Qxg5 {Threatens to win with ...Qf4+.} 50. Rxh7+ Kg8 51. Qa8+ Kxh7 52. Qxb7+ {KQ-KQ} Kh6 53. Qe4 Kg7 54. h4 Qh5 {White must now prevent ...Qe2+.} 55. Kg3 Qe2 56. Qb7+ Kh6 57. Qb8 $1 {[%cal Rb8h8]} Qf2+ 58. Kg4 {[%cal Rb8h8]} Qf5+ 59. Kg3 {[%cal Rb8h8]} Qf2+ 60. Kg4 {[%cal Rb8h8]} Qf5+ {Precision: White = 56%, Black = 65%.} 1/2-1/2

[Event "American Continental-ch 2018"]
[Site "Montevideo"]
[Date "2018.06.03"]
[Round "3"]
[White "Mesias Rojas, Rabindranath"]
[Black "Flores, Diego"]
[Result "0-1"]
[WhiteElo "2203"]
[BlackElo "2614"]
[Annotator "TA"]
[PlyCount "72"]
[EventDate "2018.??.??"]
[EventType "swiss"]
[EventCountry "URU"]
[SourceTitle "playchess.com"]
[Source "ChessBase"]
[SourceQuality "1"]

{[%evp 11,72,39,47,51,58,58,48,59,52,69,102,102,143,137,640,198,307,-13,-11,-16,-16,-16,-16,-24,-16,-10,-18,-13,-14,-12,0,-13,-15,-54,-54,-54,-33,-57,-17,-33,-19,-75,-66,-89,-6,-7,-6,-11,-14,-29,-29,-23,-31,-300,-294,-287,-272,-393,-397,-389,-364,-561,-555]} 1. d4 d6 2. e4 {[%cal Be2e4,Be4e5][%mdl 32]} Nf6 3. Nc3 c6 4. f4 Qa5 5. e5 Ne4 6. Qf3 d5 7. Bd3 {B07: Pirc Defence: Miscellaneous Systems} f5 8. exf6 exf6 9. Bxe4 {White is slightly better.} (9. Bd2 Nxd2 10. Kxd2 Bd6 11. Re1+ Kd8 12. Nge2 Qc7 13. g3 Nd7 14. f5 Nb6 {1-0 (66) Vallejo Pons,F (2666)-Bezold,M (2547) Munich 2016}) 9... dxe4 10. Qxe4+ Kf7 11. Nf3 Bb4 {...Re8 is the strong threat.} 12. O-O {And now Ng5+! would win.} Bxc3 $4 {[%mdl 8192] [#]} (12... Bf5 $16 13. Ne5+ Qxe5 14. fxe5 Bxe4) 13. bxc3 $2 (13. Ng5+ $1 {[%mdl 512]} Kf8 (13... fxg5 14. fxg5+) 14. bxc3) 13... Bf5 {[#]} (13... Qf5 $142 14. Nd2 Re8 15. Qxf5 Bxf5) 14. Qe3 $2 (14. Ng5+ $1 $18 fxg5 15. fxg5) 14... Re8 $11 15. Qd2 $146 Kg8 16. a4 Nd7 17. c4 Qxd2 18. Bxd2 Nb6 19. c5 Nc4 20. a5 Bxc2 21. Rac1 Bd3 22. Rfe1 Rxe1+ 23. Rxe1 Kf7 24. Bc3 Rd8 25. Kf2 Na3 26. Bb2 {[#]} (26. g4 $11) 26... Nc2 $1 $36 {[%cal Rc2e1][%mdl 2048] Black has good play.} 27. Rd1 Bc4 (27... Ba6 $17) 28. Rc1 $11 Bb3 29. Nd2 Ba4 {aiming for ...Nb4.} 30. Nc4 Ke6 31. Nd6 Kd5 32. Nxb7 $2 {[%mdl 8192]} (32. Ke2 $15) 32... Rb8 $19 33. a6 Nb4 ({Not} 33... Nxd4 34. Ra1 $11) 34. Ra1 (34. Ke3 {is a better defense.} Re8+ 35. Kd2) 34... Nd3+ 35. Kg3 Nxb2 36. Ra2 (36. Re1 {was the only chance.}) 36... Bb5 {Precision: White = 39%, Black = 48%.} 0-1

[Event "American Continental-ch 2018"]
[Site "Montevideo"]
[Date "2018.06.03"]
[Round "3"]
[White "Markzon, Gregory"]
[Black "Pierrot, Facundo"]
[Result "0-1"]
[WhiteElo "2144"]
[BlackElo "2392"]
[Annotator "NA"]
[PlyCount "96"]
[EventDate "2018.??.??"]
[EventType "swiss"]
[EventCountry "URU"]
[SourceTitle "playchess.com"]
[Source "ChessBase"]
[SourceQuality "1"]
[TimeControl "40/5400+30:1800+30"]

1. d4 {[%emt 0:00:00]} d5 {[%emt 0:00:32]} 2. c4 {[%emt 0:00:00]} c6 {[%emt 0:00:19]} 3. Nc3 {[%emt 0:00:20]} Nf6 {[%emt 0:00:32]} 4. Bg5 {[%emt 0:00:23]} dxc4 {[%emt 0:02:13]} 5. e4 {[%emt 0:03:00]} b5 {[%emt 0:00:11]} 6. e5 {[%emt 0:02:00]} Nd5 {[%emt 0:00:06]} 7. Nf3 {[%emt 0:01:11]} g6 {[%emt 0:03:39]} 8. Be2 {[%emt 0:03:42]} Bg7 {[%emt 0:00:08]} 9. O-O {[%emt 0:00:56]} O-O {[%emt 0:00:36]} 10. Qd2 {[%emt 0:01:05]} Be6 {[%emt 0:11:46]} 11. Ne4 {[%emt 0:03:35]} Nd7 {[%emt 0:03:19]} 12. Bh6 {[%emt 0:09:55]} Bf5 {[%emt 0:04:33]} 13. Ng3 {[%emt 0:06:27]} e6 {[%emt 0:00:08]} 14. Bxg7 {[%emt 0:04:43]} Kxg7 {[%emt 0:00:09]} 15. Ng5 {[%emt 0:00:25]} Qe7 {[%emt 0:07:01]} 16. Nxf5+ {[%emt 0:08:33]} exf5 {[%emt 0:03:49]} 17. a4 {[%emt 0:02:56]} a6 {[%emt 0:00:49]} 18. Bf3 {[%emt 0:02:13]} h6 {[%emt 0:01:07]} 19. Nh3 {[%emt 0:00:50]} N7b6 {[%emt 0:08:41]} 20. a5 {[%emt 0:01:38]} c3 {[%emt 0:00:06]} 21. bxc3 {[%emt 0:00:56]} Nc4 {[%emt 0:00:07]} 22. Qc2 {[%emt 0:02:33]} Qh4 {[%emt 0:03:55]} 23. Rfe1 {[%emt 0:07:08]} Rfe8 {[%emt 0:00:39]} 24. Qc1 {[%emt 0:03:53]} Rad8 {[%emt 0:04:39]} 25. Bxd5 {[%emt 0:05:56]} cxd5 {[%emt 0:02:10]} 26. Nf4 {[%emt 0:00:48]} Qe7 {[%emt 0:04:37]} 27. Ra2 {[%emt 0:03:27]} b4 {[%emt 0:04:00]} 28. cxb4 {[%emt 0:03:01]} Qxb4 {[%emt 0:00:06]} 29. Rae2 {[%emt 0:02:40]} Qa3 {[%emt 0:05:44]} 30. Qxa3 {[%emt 0:04:45]} Nxa3 {[%emt 0:00:09]} 31. h4 {[%emt 0:04:48]} Nc4 {[%emt 0:00:32]} 32. e6 {[%emt 0:01:24]} Rd6 {[%emt 0:03:39]} 33. e7 {[%emt 0:03:08]} Rd7 {[%emt 0:02:24]} 34. Nd3 {[%emt 0:01:24]} Nxa5 {[%emt 0:02:35]} 35. Nc5 {[%emt 0:01:26]} Ra7 {[%emt 0:04:21]} 36. Ra2 {[%emt 0:00:26]} Nc4 {[%emt 0:03:34]} 37. Rxa6 {[%emt 0:02:04]} Raxe7 {[%emt 0:00:07]} 38. Rxe7 {[%emt 0:01:56]} Rxe7 {[%emt 0:00:07]} 39. g3 {[%emt 0:02:50]} g5 {[%emt 0:02:39]} 40. hxg5 {[%emt 0:00:53]} hxg5 {[%emt 0:30:07]} 41. Ra1 {[%emt 0:01:31]} Re2 {[%emt 0:00:00]} 42. Rd1 {[%emt 0:00:59]} Nd2 {[%emt 0:00:00]} 43. Nd3 {[%emt 0:07:02]} Ne4 {[%emt 0:00:00]} 44. Kg2 f6 {[%emt 0:00:00]} 45. Kg1 {[%emt 0:04:08]} Kg6 {[%emt 0:00:00]} 46. Kg2 Rc2 {[%emt 0:00:00]} 47. Kg1 {[%emt 0:01:04]} Nc3 {[%emt 0:00:00]} 48. Kg2 Nxd1 {[%emt 0:00:00]} 0-1

[Event "American Continental-ch 2018"]
[Site "Montevideo"]
[Date "2018.06.03"]
[Round "3"]
[White "Dominguez, Facundo"]
[Black "Escalante Ramirez, Brian Sebasti"]
[Result "0-1"]
[WhiteElo "2141"]
[BlackElo "2422"]
[Annotator "TA"]
[PlyCount "98"]
[EventDate "2018.??.??"]
[EventType "swiss"]
[EventCountry "URU"]
[SourceTitle "playchess.com"]
[Source "ChessBase"]
[SourceQuality "1"]

{[%evp 25,98,0,-13,-67,-60,-71,-71,-64,-68,-71,-45,-43,-43,-56,-25,-34,-21,-43,-32,-18,0,0,-5,-15,-12,-29,-32,-62,-56,-81,-84,-104,-108,-104,-102,-142,-143,-132,-134,-157,-87,-202,-204,-200,-200,-209,-185,-193,-187,-223,-209,-218,-210,-216,-218,-250,-264,-268,-254,-237,-205,-333,-283,-390,-387,-427,-349,-410,-341,-339,-349,-345,-331,-357,-350]} 1. e4 {[%cal Be2e4,Be4e5][%mdl 32]} Nf6 2. e5 Nd5 3. d4 d6 4. c4 Nb6 5. exd6 cxd6 6. Nc3 g6 7. Nf3 Bg7 8. Be2 O-O 9. h3 Nc6 10. O-O Bf5 11. b3 d5 {[%cal Bd6d5,Bd5e4][%mdl 32] B04: Alekhine's Defence: 4 Nf3} 12. c5 Nd7 13. Bb2 Be4 {LiveBook: 4 Games. The position is equal.} 14. Nxe4 $146 (14. Na4 $11) ({Predecessor:} 14. Na4 e5 15. dxe5 Ndxe5 16. Nxe5 Nxe5 17. f4 Nc6 18. Bxg7 Kxg7 19. Nc3 {0-1 (32) Hauge,L (2393)-De Firmian,N (2508) Fagernes 2016}) 14... dxe4 $15 15. Ng5 Nxc5 16. dxc5 Bxb2 17. Rb1 Bg7 18. Qxd8 Rfxd8 19. Nxe4 h6 20. Rfd1 f5 21. Bc4+ Kf8 22. Ng3 $1 Nb4 23. Ne2 Be5 24. f4 Bf6 25. Kf2 Nxa2 26. Rxd8+ Rxd8 27. b4 Nc3 28. Nxc3 Bxc3 $17 {[%mdl 4096] Endgame KRB-KRB} 29. Rb3 Bd2 $1 {White must now prevent ...Rd4.} 30. Be2 Rd4 31. b5 Rxf4+ 32. Bf3 Ba5 ({Black should play} 32... Bb4 33. c6 bxc6 34. bxc6 a5) 33. c6 (33. Ke3 $17 Rc4 34. b6 axb6 35. cxb6) 33... bxc6 34. bxc6 Bb6+ 35. Ke2 Rc4 {Hoping for ...e5.} 36. Rb5 e6 {[%cal Be7e6,Be6e5][%mdl 32]} 37. Kd3 Rd4+ $1 38. Kc3 {[#]} Rd8 $1 39. Kc4 Ke7 40. Rb1 Rd4+ 41. Kb5 e5 42. Rc1 {intending c7.} Bc7 {And now ...e4 would win.} 43. Ra1 (43. Rd1 {was called for.}) 43... a5 44. Kc5 Rb4 {( -> ...Bd6+)} 45. Rd1 {aiming for Rd7+.} Bb6+ 46. Kd5 Rb5+ 47. Kc4 {[#]} Rc5+ $1 48. Kb3 e4 49. Rd7+ Ke6 {Precision: White = 37%, Black = 75%.} 0-1

[Event "American Continental-ch 2018"]
[Site "Montevideo"]
[Date "2018.06.03"]
[Round "3"]
[White "Granara Barreto, Sebastian"]
[Black "Mareco, Sandro"]
[Result "0-1"]
[WhiteElo "2141"]
[BlackElo "2643"]
[Annotator "TA"]
[PlyCount "92"]
[EventDate "2018.??.??"]
[EventType "swiss"]
[EventCountry "URU"]
[SourceTitle "playchess.com"]
[Source "ChessBase"]
[SourceQuality "1"]

{[%evp 16,92,47,-22,38,-18,-16,-16,-15,-20,-6,-17,-18,-27,1,-22,-22,-31,-29,-26,-12,-15,-15,-15,-18,-20,-13,-42,-30,-29,-8,-19,0,-26,27,24,26,0,0,0,0,0,1,0,0,0,0,0,0,0,0,0,0,-8,-7,-8,-8,-8,0,0,0,0,0,-8,-8,-215,-219,-372,-363,-1561,-1523,-1350,-1350,-6532,-6424,-5136,-5122,-5106,-1156]} 1. d4 Nf6 2. Bg5 e6 3. Nd2 h6 4. Bh4 d5 5. e3 c5 6. c3 Nc6 7. Ngf3 g5 {D03: 1 d4 d5 2 Nf3 Nf6 3 Bg5, including Torre Attack with early ...d5} (7... a6 8. Bd3 Be7 9. O-O Nd7 10. Bxe7 Nxe7 11. Ne5 cxd4 12. exd4 Nxe5 13. dxe5 Bd7 14. Re1 Rc8 15. Nf3 {1-0 (33) Carlsen,M (2827)-Xiong,J (2633) Douglas 2017}) 8. Bg3 Nh5 9. Bd3 {LiveBook: 4 Games} (9. Be5 $14 Nf6 10. Bb5) 9... Bg7 $146 ({Better is} 9... Nxg3 $11 10. hxg3 Bd7) ({Predecessor:} 9... Nxg3 10. hxg3 Bd7 11. Qe2 Qe7 12. dxc5 {½-½ (12) Safarli,E (2656)-Guseinov,G (2621) Nakhchivan 2014}) 10. O-O (10. dxc5 $14 Nxg3 11. hxg3) 10... Nxg3 $11 11. hxg3 Qb6 12. Rb1 Bd7 13. dxc5 Qxc5 14. e4 $1 dxe4 15. Nxe4 Qe7 16. Bb5 O-O-O 17. Qd6 {[#] Hoping for Bxc6.} Be8 18. Qxe7 $1 Nxe7 19. Bxe8 Rhxe8 20. Rfd1 Kc7 21. Nc5 g4 22. Ne1 Nc6 23. Kf1 b6 24. Ncd3 (24. Rxd8 {keeps more tension.} Rxd8 25. Ncd3 Rd5 26. Ke2 Bf6 27. Nc2) 24... e5 ({Black should play} 24... Na5) 25. Nc2 h5 26. Ndb4 Nxb4 27. Nxb4 a5 28. Nd5+ Kc6 $1 29. Ne7+ Kc5 {[#] Strongly threatening ...Rxd1+.} 30. Nf5 Bf6 31. Ke2 Bg5 32. Ng7 Rh8 33. Nf5 b5 34. Rxd8 Rxd8 35. Rd1 Rxd1 36. Kxd1 {[%mdl 4096] Endgame KB-KN} a4 37. Kc2 Kd5 38. b3 Bd8 39. bxa4 bxa4 40. c4+ $2 (40. f3 $11 {and White stays safe.}) 40... Kxc4 $19 41. Nd6+ $2 (41. f3 {is the only way for White.}) 41... Kd5 42. Nxf7 $2 (42. Nf5 Bb6 43. f3) 42... Bf6 {Black is clearly winning.} 43. Nh6 Ke6 44. f4 exf4 45. gxf4 Bg7 46. f5+ Ke5 {Precision: White = 44%, Black = 60%.} (46... Kf6 $142 47. Ng8+ Kf7) 0-1

[Event "American Continental-ch 2018"]
[Site "Montevideo"]
[Date "2018.06.03"]
[Round "3"]
[White "Lopez Falcon, Jorge"]
[Black "El Debs, Felipe De Cresce"]
[Result "0-1"]
[WhiteElo "2120"]
[BlackElo "2537"]
[Annotator "TA"]
[PlyCount "58"]
[EventDate "2018.??.??"]
[EventType "swiss"]
[EventCountry "URU"]
[SourceTitle "playchess.com"]
[Source "ChessBase"]
[SourceQuality "1"]

{[%evp 17,58,61,64,57,70,52,54,28,88,88,99,88,98,95,102,91,112,63,105,42,66,44,53,-25,15,10,12,22,29,27,87,84,85,80,91,18,65,-40,-48,-35,0,-384,-77]} 1. d4 Nf6 2. c4 c5 3. d5 e5 4. Nc3 d6 5. e4 Be7 6. g3 O-O 7. Bg2 Ne8 8. Nge2 g6 9. O-O Ng7 {LiveBook: 13 Games. A56: Czech Benoni} 10. a3 (10. Be3 f5 11. Qd3 Nd7 12. Rae1 Nf6 13. f3 Bd7 14. Bh6 Qb6 15. b3 Qa5 16. Qd2 fxe4 17. fxe4 {½-½ (62) Kobo,O (2430)-Munoz Pantoja,M (2440) Elgoibar 2015}) 10... f5 11. b4 Nd7 {White is slightly better.} 12. Rb1 $146 ({Predecessor:} 12. Bd2 Kh8 13. Rb1 b6 14. Na4 fxe4 15. bxc5 bxc5 16. Nac3 Nb6 17. Qb3 Bg4 {½-½ (17) Schaefer,M (2180)-Hank,H Bad Wiessee 1998}) 12... Nh5 (12... cxb4 $11 13. axb4 Nf6) 13. exf5 $16 gxf5 14. f4 b6 15. Qc2 Ng7 16. Nd1 Bf6 17. Bb2 Qe8 18. Bf3 (18. fxe5 $16 Nxe5 19. Ne3) 18... Rb8 19. b5 h5 20. Kf2 (20. fxe5 $14 Nxe5 21. Ne3) 20... a6 21. bxa6 Bxa6 22. a4 h4 23. Ne3 hxg3+ (23... Rb7 $11 {keeps the balance.}) 24. hxg3 exf4 25. Nxf4 Bd4 {[#]} 26. Rbe1 ({Better is} 26. Rfe1 $1 $16) 26... Ne5 $11 27. Bxd4 (27. Kg2 $14) 27... cxd4 $15 28. Nd1 Qc8 29. Ne6 $2 {[%mdl 8192]} (29. Nb2 $11 {and White has nothing to worry.}) 29... Qxc4 $2 {Precision: White = 30%, Black = 36%.} (29... Nxf3 $19 {and Black stays clearly on top.} 30. Kxf3 Bxc4) 0-1